000 00903cam a2200277 a 4500
001 3071475
003 OSt
005 20151011183123.0
008 970711s2011 caua 001 0 eng
010 _a 97027737
020 _a9781439049730
040 _aDLC
_cDLC
_dDLC
050 0 0 _aQD251.2
_b.M4 1998
082 0 0 _a547
_221
_bMJF
100 1 _aMcMurry, John.
_951853
245 1 0 _aFundamentals of organic chemistry /
_cJohn McMurry.
250 _a4th ed.
260 _aPacific Grove, CA :
_bBrooks/Cole Pub. Co.,
_c2011
300 _axxii, 566, [50] p. :
_bill. (some col.) ;
_c26 cm.
500 _aA stereo viewer is bound into the back of the book.
500 _aIncludes index.
650 0 _aChemistry, Organic.
_951854
906 _a7
_bcbc
_corignew
_d1
_eocip
_f19
_gy-gencatlg
942 _2ddc
_cBOOK
999 _c38325
_d272825